| 000 | 01142nam0a22003251 4500 | ||
|---|---|---|---|
| 001 | RU\NLR\INFOCOMM_195\5000025860 | ||
| 005 | 20250613090455.0 | ||
| 035 | _a(NLR Aleph) 009067356 | ||
| 090 |
_a7901227 _c7901227 |
||
| 100 | _a20081018d1987 |||y0rusy50 ca | ||
| 101 | 0 | _aeng | |
| 102 | _aRU | ||
| 105 | _aa z 000zy | ||
| 200 | 1 |
_aApplication of the Mössbauer effect for determination of p-parity violation in radiation transition of 119Sn nucleus _fA. A. Gribov, L. V. Inzhechik, E. V. Melnikov [et al.] |
|
| 210 |
_aΜ. _cAtominform _d1987 |
||
| 215 |
_a64 с. _cил. _d21 см |
||
| 225 | 1 |
_aL. V. Kurchatov atomic energy institute _vIAE-4418/2 |
|
| 300 | _aНадзаг. также на рус. яз. | ||
| 320 | _aБиблиогр.: с. 37 | ||
| 606 |
_aОлово _xАтомное ядро _xРадиационные переходы _2nlr_sh1 |
||
| 686 |
_aВ383.23 _2rubbk |
||
| 701 | 1 |
_aGribov _bA. A. _4070 |
|
| 701 | 1 |
_aInzhechik _bL. V. _4070 |
|
| 701 | 1 |
_aMelnikov _bE. V. _4070 |
|
| 801 | 1 |
_aRU _bNLR _c20081018 |
|
| 801 | 0 |
_aRU _bNLR _gPSBO |
|
| 852 |
_aNLR _jФз01 Д-4/4600 |
||
| 942 | _cBOOK | ||
| 980 | _aNB | ||